00217nam a2200097Ia 4500008004100000041000800041082001600049100001800065245002700083260000900110240625s9999 xx 000 0 und d aeng a658.472 ACH aACHARYA SEEMA aBIG DATA AND ANALYTICS c2015